LEADER 01605nam0 22003371i 450 001 UON00249882 005 20231205103625.385 100 $a20040218f1979 |0itac50 ba 101 $afre 102 $aFR 105 $a||||0 ||||| 200 1 $aHistoire de la langue française$edes origines a nos jours. 11: Le français au dehors sous la Révolution, le Consulat et l'Empire. Pt. 2. Le français au dehors sous le Consulat et l'Empire$fFerdinand Brunot$gpréface de Gérald Antoine 205 $aParis : Librairie Armand Colin$bc1979 210 $a1 v.$a25 cm 215 $aIl testo è in fotocopie. 423 1$1001UON00372895$12001 $aˆLe ‰Français au dehors sous la Révolution, le Consulat et l'Empire 423 1$1001UON00372896$12001 $aˆLe ‰Français au dehors sous le Consulat et l'Empire 606 $aGRAMMATICA STORICA$3UONC042569$2FI 606 $aLingua francese$xStoria$3UONC041840$2FI 606 $aLINGUA FRANCESE GRAMMATICA STORICA$3UONC053588$2FI 620 $aFR$dParis$3UONL002984 676 $a440$cLingue romanze (Lingue neolatine) Francese$v21 700 1$aBRUNOT$bFerdinand$3UONV137382$0290036 702 1$aANTOINE$bGérald$3UONV146973 712 $aLibrairie Armand Colin$3UONV254209$4650 801 $aIT$bSOL$c20250627$gRICA 899 $aSIBA - SISTEMA BIBLIOTECARIO DI ATENEO$2UONSI 912 $aUON00249882 950 $aSIBA - SISTEMA BIBLIOTECARIO DI ATENEO$dSI S.C I F 01 s $eSI LO 58653 7 01 s 996 $aHistoire de la langue française$9447104 997 $aUNIOR